| 000 | 01133cam a22001694a 4500 | ||
|---|---|---|---|
| 005 | 20250605163659.0 | ||
| 008 | 250528s ||||||||||||||||||||||||d | ||
| 035 | _a24203 | ||
| 040 |
_aGR-AtMCL _bgre _dGR-AtMCL _eAACR2 |
||
| 245 | 1 | _aΗ Προστασία του Περιβάλλοντος Αποτελεί Κοινή Ευθύνη | |
| 260 |
_bΟπτικοακουστικός Τομέας, Πληροφόρηση, Επικοινωνία Και Πολιτιστικά Θέματα _bΥπηρεσία Επίσημων Εκδόσεων Των Ευρωπαϊκών Κοινοτήτων, _c1996 |
||
| 300 | _a8 | ||
| 520 | _aΗ Πρόκληση για την Ευρώπη, Η Απάντηση της Ευρωπαϊκής Ένωσης, Το Ευρωπαϊκό Κοινοβούλιο και το Περιβάλλον, Εστιάζοντας στις Προτεραιότητες, Η Σημειωθήσα Πρόοδος όσον Αφορά την Ενσωμάτωση, Το Κόστος για Ένα Υγιές Περιβάλλον, Παγκόσμια Δράση. | ||
| 942 | _cCR | ||
| 999 |
_c9097 _d9097 |
||